| 000 | 01148aam a2200337 4500 | ||
|---|---|---|---|
| 999 |
_c46610 _d46610 |
||
| 001 | 20259 | ||
| 003 | CO-MdFUSB | ||
| 005 | 20171101092718.0 | ||
| 008 | 170602t1983 xxu||||f |||| 00| 0 eng d | ||
| 020 | _a0-8091-2495-5 | ||
| 040 |
_aCO-MdFUSB _bspa _cCO-MdFUSB _dCO-MdFUSB _erda |
||
| 041 | _aeng | ||
| 082 |
_224 _aG 225.12 |
||
| 100 | 1 |
_aFarmer, William R. _eautor |
|
| 245 | 1 | 4 |
_aThe formation of the New Testament canon _b: an ecumenical approach _c/ William R. Farmer, Denis M. Farkasfalvy |
| 264 | 1 |
_aNew York : _bPaulist Press, _c℗[1983] |
|
| 264 | 4 | _c©1983 | |
| 300 | _a182 páginas | ||
| 336 |
_2rdacontent _atexto _btxt |
||
| 337 |
_2rdamedia _asin mediación _bn |
||
| 338 |
_2rdacarrier _avolumen _bnc |
||
| 490 | _aTheological Inquiries | ||
| 500 | _aIncluye índice (p. 179-182) | ||
| 505 | 0 | 0 | _aUn estudio del desarrollo del canon del Nuevo Testamento - El desarrollo temprano del canon del Nuevo Testamento |
| 563 | _aRústico | ||
| 630 | 0 | 7 |
_aBiblia. _xCanon _pNuevo Testamento |
| 650 | 0 |
_9360 _aBiblia _bEvidencias, autoridad, etc. |
|
| 720 | _aFarkasfalvy, Denis M. | ||
| 942 | _cBK | ||